000
00338nam a22001457a 4500
008
230719b ||||| |||| 00| 0 eng d
020
_a
9780805370021
041
_a
eng
080
_2
SECOND EDITION
_a
53
082
_a
53WAL
100
_a
20
101
_a
FIZIK
245
_a
MATHEMATICAL METHODS OF PHYSICS
_c
WALKER.M
942
_2
udc
_c
BK
999
_c
60182
_d
60182